000 00202nam a2200109Ia 4500
100 _a#N/A
942 _cBK
654 _aknoppix 3.6
245 _aKnoppix 3.6
260 _b#N/A
_c2004
546 _aENGLISH
999 _c25128
_d25128